00373nam a22001457a 450000500170000000800410001702000150005804100130007308200130008610000120009924500190011126000460013030000250017665000260020120240823051701.0240823b |||||||| |||| 00| 0 eng d a0702123854 aEnglish  a349 LAW  lEnglish aActa Juridica  aCape Town: bJuta and Company Ltd, c1989 b291 pages; c25 cm.  aLegal practice bLaw